书目信息 |
| 题名: |
换一种思维 等于换了一个人
|
|
| 作者: | 孟庆春 著 | |
| 分册: | ||
| 出版信息: | 北京 人民出版社 2018 |
|
| 页数: | 341页 | |
| 开本: | 23cm | |
| 丛书名: | ||
| 单 册: | ||
| 中图分类: | B80-49 | |
| 科图分类: | ||
| 主题词: | 思维方法--si wei fang fa--通俗读物 | |
| 电子资源: | ||
| ISBN: | 978-7-01-019157-7 | |
| 000 | 01199nam0 2200253 450 | |
| 001 | 012001008691 | |
| 005 | 20140102084126.0 | |
| 010 | @a978-7-01-019157-7@dCNY59.80 | |
| 099 | @aCAL 012018109972 | |
| 100 | @a20180912d2018 em y0chiy50 ea | |
| 101 | 0 | @achi |
| 102 | @aCN@b110000 | |
| 105 | @ay z 000yy | |
| 106 | @ar | |
| 200 | 1 | @a换一种思维 等于换了一个人@Ahuan yi zhong si wei deng yu huan le yi ge ren@d= Different thinking different person@f孟庆春著@zeng |
| 210 | @a北京@c人民出版社@d2018 | |
| 215 | @a341页@d23cm | |
| 330 | @a本书作者确立了“正确的思维方式和方法,能够为读者提供更为准确、更为开阔的视野,能够助力读者洞穿问题的本质、把握成功先机”的宗旨,构建了四章内容。即换一种思维,就会让人反转成事了;换一种思维,就会让人转迷为悟了;换一种思维,就会让人品行升华了;换一种思维,就会让人坚韧自信了。读者欲立身处世,成就一番大事业,理应读到本书阐述的思维方式,以科学、有价值、应变的思维,不断完善你的思维方式,促使你的志向变成现实。 | |
| 510 | 1 | @aDifferent thinking different person@zeng |
| 606 | 0 | @a思维方法@Asi wei fang fa@j通俗读物 |
| 690 | @aB80-49@v5 | |
| 701 | 0 | @a孟庆春@Ameng qing chun@4著 |
| 801 | 0 | @aCN@b上海新华@c20191020 |
| 905 | @b1185454-7@dB80-49@e140@f4 | |
| 换一种思维 等于换了一个人= Different thinking different person/孟庆春著.-北京:人民出版社,2018 |
| 341页;23cm |
| ISBN 978-7-01-019157-7:CNY59.80 |
| 本书作者确立了“正确的思维方式和方法,能够为读者提供更为准确、更为开阔的视野,能够助力读者洞穿问题的本质、把握成功先机”的宗旨,构建了四章内容。即换一种思维,就会让人反转成事了;换一种思维,就会让人转迷为悟了;换一种思维,就会让人品行升华了;换一种思维,就会让人坚韧自信了。读者欲立身处世,成就一番大事业,理应读到本书阐述的思维方式,以科学、有价值、应变的思维,不断完善你的思维方式,促使你的志向变成现实。 |
| ● |
| 相关链接 |
|
|
|
|
正题名:换一种思维 等于换了一个人
索取号:B80-49/140
 
预约/预借
| 序号 | 登录号 | 条形码 | 馆藏地/架位号 | 状态 | 备注 |
| 1 | 1185454 | 211854545 | 第一样本阅览室/ [索取号:B80-49/140] | 在馆 | |
| 2 | 1185455 | 211854554 | 第一借阅区/ [索取号:B80-49/140] | 在馆 | |
| 3 | 1185456 | 211854563 | 第一借阅区/ [索取号:B80-49/140] | 在馆 | |
| 4 | 1185457 | 211854572 | 第一借阅区/ [索取号:B80-49/140] | 在馆 |